书目信息 |
| 题名: |
笛子吹奏法
|
|
| 作者: | 胡结续 著 | |
| 分册: | ||
| 出版信息: | 北京 人民音乐出版社 2005 |
|
| 页数: | 162页 | |
| 开本: | 21cm | |
| 丛书名: | ||
| 单 册: | ||
| 中图分类: | J621.1 | |
| 科图分类: | ||
| 主题词: | 笛子--吹奏法 , 器乐--演奏 , 器乐--理论 , 器乐--奏法 | |
| 电子资源: | ||
| ISBN: | 7-103-02969-5 | |
| 000 | 01327nam0 2200409 450 | |
| 000 | 01290nam0 2200397 450 | |
| 000 | 01273nam0 2200397 450 | |
| 000 | 01219nam0 2200373 450 | |
| 000 | 01182nam0 2200361 450 | |
| 000 | 01165nam0 2200361 450 | |
| 000 | 01111nam0 2200337 450 | |
| 000 | 01074nam0 2200325 450 | |
| 000 | 00966nam0 2200289 450 | |
| 000 | 00912nam0 2200265 450 | |
| 000 | 00930nam0 2200253 450 | |
| 000 | 00893nam0 2200241 45 | |
| 005 | 20070808182101.67 | |
| 010 | @a7-103-02969-5@dCNY9.00 | |
| 100 | @a20060829d2005 ekmy0chiy0120 ea | |
| 101 | 0 | @achi |
| 102 | @aCN@b110000 | |
| 105 | @agk z 000yy | |
| 200 | 1 | @a笛子吹奏法@ADi Zi Chui Zou Fa@EDi San Ci Xiu Ding Ben ( Di 4 Ban )@f胡结续著@FHu Jie Xu Zhu |
| 205 | @a第4版(修订本) | |
| 210 | @a北京@c人民音乐出版社@d2005 | |
| 215 | @a162页@d21cm | |
| 330 | @a本书是一本介绍吹笛技艺法。介绍了笛子的简单介绍、吹奏笛子的一般知识、各种技巧的练习和运用、练习曲四十八首等。 | |
| 606 | 0 | @a笛子@x吹奏法 |
| 606 | 0 | @a器乐@x演奏 |
| 606 | 0 | @a器乐@x理论 |
| 606 | 0 | @a器乐@x奏法 |
| 690 | @aJ621.1@v4 | |
| 701 | 0 | @a胡结续@AHu Jie Xu@4著 |
| 801 | 0 | @aCN@b中图数据@c20070808 |
| 905 | @a10447@dJ621.1@e35=4 | |
| 笛子吹奏法/胡结续著.-第4版(修订本).-北京:人民音乐出版社,2005 |
| 162页;21cm |
| ISBN 7-103-02969-5:CNY9.00 |
| 本书是一本介绍吹笛技艺法。介绍了笛子的简单介绍、吹奏笛子的一般知识、各种技巧的练习和运用、练习曲四十八首等。 |
| ● |
| 相关链接 |
|
|
|
|
正题名:笛子吹奏法
索取号:J621.1/35=4
 
预约/预借
| 序号 | 登录号 | 条形码 | 馆藏地/架位号 | 状态 | 备注 |
| 1 | 0614380 | 206143804 | 第一样本阅览室/ [索取号:J621.1/35=4] | 在馆 | |
| 2 | 0614381 | 206143813 | 第一借阅区/ [索取号:J621.1/35=4] | 在馆 | |
| 3 | 0614382 | 206143822 | 密集书库/ [索取号:J621.1/35=4] | 在馆 | |
| 4 | 0614383 | 206143831 | 第一借阅区/ [索取号:J621.1/35=4] | 在馆 | |
| 5 | 0614384 | 206143840 | 密集书库/ [索取号:J621.1/35=4] | 在馆 | |
| 6 | 0809916 | 208099163 | 第一借阅区/ [索取号:J621.1/35=4] | 在馆 | |
| 7 | 0809917 | 208099172 | 第一借阅区/ [索取号:J621.1/35=4] | 在馆 | |
| 8 | 0809918 | 208099181 | 第一借阅区/ [索取号:J621.1/35=4] | 在馆 | |
| 9 | 0809919 | 208099190 | 第一借阅区/ [索取号:J621.1/35=4] | 在馆 | |
| 10 | 0809983 | 208099831 | 密集书库-音乐系/ [索取号:J621.1/35=4] | 在馆 |